000 00263nam a2200109 a 4500
005 20140414131919.0
008 101022s19uu xx 00 eng d
050 _aER
_bM99 199?
245 _aMy first book of 123.
260 _bRising Sun,
_c199?.
999 _c111674
_d111674